Best recipes from home and abroad /

Bibliographic Details
Corporate Author: Navy Wives Clubs of America
Format: Book
Language:English
Published: New York : Hearthside Press, [1958]
Subjects:

MARC

Tag First Indicator Second Indicator Subfields
LEADER 00000cam a2200000 4500
001 in00000047911
005 20151007075610.0
008 750722s1958 nyu 00000 eng u
010 |a  58013709  
035 |a (OCoLC)01467258 
035 |9 AAF3503AM 
040 |c JPL  |d TXA  |d UtOrBLW 
049 |a TXAM  |c [310101] 
050 0 0 |a TX725  |b .N34 
082 0 |a 641.5 
092 |a 641.5  |b M327b, 1958 
110 2 |a Navy Wives Clubs of America. 
245 1 0 |a Best recipes from home and abroad /  |c Edited by Helen J. Walker. 
264 1 |a New York :  |b Hearthside Press,  |c [1958] 
300 |a 192 pages ;  |c 22 cm. 
336 |a text  |b txt  |2 rdacontent 
337 |a unmediated  |b n  |2 rdamedia 
338 |a volume  |b nc  |2 rdacarrier 
650 0 |a Cooking. 
999 |a MARS 
999 f f |s 83bba198-6b55-3cea-a3d4-2f0b716dec72  |i a4ec6dbd-8b4e-3199-a0ca-f7fde4966268  |t 0 
952 f f |p normal  |a Texas A&M University  |b College Station  |c Sterling C. Evans Library  |d Evans: Library Stacks  |t 0  |e TX725 .N34  |h Library of Congress classification  |i unmediated -- volume  |m A14801101822 
998 f f |a TX725 .N34  |t 0  |l Evans: Library Stacks